000 00841nam a2200277 a 4500
001 76949
003 BD-RjUL
005 20211209082916.0
008 200209s1985 mau b 000 0 eng
020 _a0534045006 (pbk.) :
_c$19.95
035 _a(BD-RjUL)77173
040 _aDLC
_cDLC
_dDLC
_dBD-RjUL
_beng
041 _aeng
082 0 0 _a657.3
_bGIC 1985
100 1 _aGibson, Charles H.,
_d1939-
_9239074
245 1 0 _aCases in financial reporting /
_cCharles H. Gibson, Patricia A. Frishkoff.
250 _a2nd ed.
260 _aBoston, Mass. :
_bKent Pub. Co.,
_cc1985.
300 _axvii, 413 p. ;
_b24 cm.
504 _aIncludes bibliographical references.
650 0 _aFinancial statements.
_9239075
700 1 _aFrishkoff, Patricia A.
_9239076
942 _2ddc
_cBK
999 _c76949
_d76949